Hàn Mặc Tử về tác gia và tác phẩm

Uloženo v:
Podrobná bibliografie
Hlavní autor: Phan, Cự Đệ (Tuyển chọn, giới thiệu)
Další autoři: Nguyễn, Toàn Thắng (Tuyển chọn và giới thiệu)
Médium: Kniha
Jazyk:Vietnamese
Vydáno: Hả Nội Giáo dục 2007
Vydání:Tái bản lần thứ ba
Témata:
Tagy: Přidat tag
Žádné tagy, Buďte první, kdo otaguje tento záznam!
Thư viện lưu trữ: Trung tâm Học liệu Lê Vũ Hùng, Trường Đại học Đồng Tháp
LEADER 01091aam a22002898a 4500
001 00030826
005 20171026081025.0
008 130807s2007 ||||||viesd
020 |c 155000 
041 0 # |a vie 
082 1 4 |a 895.922 100 9  |b H105M 
100 1 # |a Phan, Cự Đệ  |e Tuyển chọn, giới thiệu 
245 1 0 |a Hàn Mặc Tử về tác gia và tác phẩm  |c Phan Cự Đệ, Nguyễn Toàn Thắng (tuyển chọn và giới thiệu) 
250 # # |b Có chỉnh lý  |a Tái bản lần thứ ba 
260 # # |a Hả Nội  |b Giáo dục  |c 2007 
300 # # |a 703 tr.  |c 24 cm. 
600 1 4 |a Hàn, Mặc Tử 
650 # 4 |a Văn học  |v Nghiên cứu  |z Việt Nam 
653 # # |a Tác giả 
653 # # |a Tác phẩm 
653 # # |a Văn học Việt Nam 
700 1 # |a Nguyễn, Toàn Thắng  |e Tuyển chọn và giới thiệu 
852 # # |b Kho đọc  |j KD.0014745 
852 # # |j KD.0014745 
910 |d 8/2013 
980 # # |a Trung tâm Học liệu Lê Vũ Hùng, Trường Đại học Đồng Tháp